En français 1

Bibliographic Details
Main Authors: Taišlová, Jitka (Author), Baranová, Elena (Author), Cluse, Jean-Louis (Author)
Other Authors: Goussé, Jean-Louis (Illustrator)
Format: Book
Language:French
Slovak
PhysicalDescription:199 s. fotogr., ilustr., mp., tab. 25 cm
Published: Bratislava Slovenské pedagogické nakladateľstvo 2006
ISBN:8010010251
Edition:7. vyd.
Subjects:

MARC

LEADER 00000cam a2200000 a 4500
001 vtls008837993
003 SK-MaSNL
005 20260302075221.0
008 160610s2006 xo oablc p 000 0 fre
015 |a SNBA2006/08-04347 
020 |a 8010010251  |q (brož.) 
035 |a 36BC1441-D14D-4EF8-9A20-3ECA45051500 
035 |a urn:nbn:sk:snk-aml5qx 
035 |a urn:nbn:sk:snk-am008vcr 
040 |a SNK  |b slo  |c SNK  |e AACR2 
041 0 |a fre  |a slo 
044 |a xo  |a fr  |c SK  |c FR 
072 7 |a 811.133.1  |x Francúzština  |2 konspekt 
072 7 |a 37.016  |x Učebné osnovy. Vyučovacie predmety. Učebnice  |2 konspekt 
080 |a (075.2)  |2 2001 
080 |a 811.133.1  |2 2001 
100 1 |a Taišlová, Jitka  |4 aut  |9 47312 
245 1 0 |a En français  |n 1  |c Jitka Taišlová, Elena Baranová, Jean-Louis Cluse ; illustrations: Jean-Louis Goussé 
250 |a 7. vyd. 
260 |a Bratislava  |b Slovenské pedagogické nakladateľstvo  |c 2006 
300 |a 199 s.  |b fotogr., ilustr., mp., tab.  |c 25 cm 
500 |a Vydané v spolupráci s nakladateľstvom Hachette, Paris 
504 |a Francúzsko-slovenský slovník 
546 |a Text čiastočne slovensky 
650 0 7 |a francúzština  |2 SNKPH  |9 1355 
655 7 |a učebnice základných škôl  |2 SNKPH  |9 70187 
700 1 |a Baranová, Elena  |4 aut  |9 6019 
700 1 |a Cluse, Jean-Louis  |4 aut  |9 43192 
700 1 |a Goussé, Jean-Louis  |4 ill  |9 43957 
919 |a 80-10-01025-1 
999 |c 1168402  |d 1170332 
952 |a SNK  |b SNK  |y PREZ  |7 0  |p 17A0518458  |o snkSC 124591/1  |i snk2006/15924  |8 0  |0 0  |1 0  |4 0  |d 2006-08-10  |f 1  |l 0  |r 2025-06-06 00:00:00  |w 2026-02-24 
952 |a SNK  |b SNK  |y VYP  |7 0  |p 17A0518457  |o snkSC 124591/1 D1  |i snk2006/15925  |8 0  |0 0  |1 0  |4 0  |d 2006-08-10  |l 0  |r 2026-02-24 20:55:14  |w 2026-02-24